000 00337 a2200157 4500
001 57568
020 _a9788508107070
040 _cAnchieta - Pituba
100 _aSabino, Fernando
240 1 0 _aOs restos mortais
_lpor
245 1 0 _aOs restos mortais
300 _a64
362 0 _a2008
650 4 _aLiteratura juvenil
942 _cBK
999 _c57568
_d57568